Segelboottypen - Statistiken

Allgemein
  • Dieses Quiz wurde 20 mal gespielt
  • Das Durchschnittsergebnis liegt bei 6 aus 12
Antwortstatistiken
Bildquiz Antwort % Korrekt
Katamaran
94%
Jolle
76%
Kogge
65%
Trimaran
65%
Dschunke
59%
Vollschiff
53%
Bark
47%
Brigg
47%
Schoner
47%
Ketsch
35%
Yawl
29%
Gaffelschoner
12%
Keine übereinstimmenden Quizze gefunden
Verteilung der Resultate
Anzahl Personen mit jedem Resultat
Perzentil nach korrekt beantworteten Fragen
Ihre Resultats-Entwicklung
Sie haben dieses Quiz noch nicht gespielt